| 000 | 00542nam a2200169 4500 | ||
|---|---|---|---|
| 001 | 131433 | ||
| 003 | ES-MaACL | ||
| 005 | 20230906193959.0 | ||
| 007 | t| | ||
| 008 | 070214s1970 sp r ||||1| spa d | ||
| 100 | 1 |
_aRodríguez de Abajo, F. Javier. _998435 |
|
| 245 | 1 | 0 |
_aTratado de perspectiva / _cF. Javier Rodríguez de Abajo, Alberto Revilla Campo. |
| 260 |
_aSan Sebastián : _bEd. Donostiarra, _c1970. |
||
| 300 |
_a503 p., 222 lám. ; _c24 cm. |
||
| 700 | 1 |
_aRevilla Campo, Alberto. _996436 |
|
| 852 |
_aES-MaACL _jC-37664 _bR.76466 |
||
| 999 |
_c131433 _d131433 |
||